American government / Wallace Stanley Sayre.

Saved in:
Bibliographic Details
Main Author: Sayre, W. S.
Format: Book
Published: New York : Barnes and Noble, 1960.
Edition:14th ed.
Series:College outline series ; no. 14
LEADER 00754nam a2200205i 4500
001 c000030326
003 CARM
005 00000000000000.0
019 1 |a 23947209  |z 27992621  |z 9484266  |5 LACONCORD2021 
035 |a (OCoLC)4605282  |5 LACONCORD2021 
100 |a Sayre, W. S. 
245 0 |a American government / Wallace Stanley Sayre. 
250 |a 14th ed. 
260 |a New York : Barnes and Noble, 1960. 
300 |a 315 p. : ill. 
490 |a College outline series ; no. 14 
500 |a Includes bibliographical references. 
852 8 |b CARM  |h A2:AI28A0  |i B04452  |p 0200572  |f BK 
999 f f |i 2dcf1f04-b451-5c16-af09-2764dbd15cff  |s 0054fde6-bebe-5c6f-9fa1-d67d0673ca95 
952 f f |p Can circulate  |a CAVAL  |b CAVAL  |c CAVAL  |d CARM 1 Store  |e B04452  |f A2:AI28A0  |h Other scheme  |i book  |m 0200572